000 00818nam a2200241 4500
001 13141
003 ES-MaACL
005 20230906150516.0
007 t|
008 000000s1982 sp ae ||||0| spa d
016 7 _zIBH8405715192
020 _a84-7483-271-3
040 _aIBH
_bspa
_cM-BN-DP
080 _a726.75(463.7A.)S. José
100 1 _aCervera Vera, Luis.
_937646
245 1 0 _aComplejo arquitectónico del Monasterio de San José en Avila /
_cLuis Cervera Vera.
260 _aMadrid :
_bMinisterio de Cultura, Secretaría General Técnica,
_c1982.
300 _a183 p :
_bil., plan ;
_c31 cm.
500 _aIndices.
610 2 7 _aMonasterio de San José (Avila)
_95745
710 1 _aEspaña.
_bMinisterio de Cultura.
_bSecretaría General Técnica.
_93852
852 _aES-MaACL
_jL-20457
_bR.123432
999 _c13141
_d13141